Борис Годунов (Запис номер 296955)
[ съкратено ]
| 000 -Лидер | |
|---|---|
| Контролно поле с фиксирана дължина | 01319ncm a2200301 c 4500 |
| 003 - Код на организацията, давaща контролен номер | |
| Контролно поле | BLK |
| 005 - Дата и час на последна редакция | |
| Контролно поле | 20241004155836.0 |
| 008 - Елементи от данни с фиксирана дължина | |
| fixed length control field | 180414b bul |a|er|||| |0| c|bulo| |
| 010 ## - Наследен системен номер | |
| LC control number | NOT00000305000 |
| 040 ## - Източник на каталожния запис | |
| Идентификатор на билиотеката - собственик на записа | BLK |
| 041 ## - Код за език | |
| Код за езика на текст/звукозапис или на отделно заглавие | Руски |
| Код за езика КДБФ | Руски |
| 080 ## - УДК | |
| Текстов определител УДК | Опера. Музикална драма. Романтична опера. Опера-приказка |
| УДК код - определител по УДК | 782.1 |
| УДК - код + определител | 782.1 |
| 100 1# - Редна дума - Автор | |
| Автор | Мусоргски, Модест Петрович |
| Дати, свързани с автора | 1839 - 1881 |
| Авторска отговорност | първи автор |
| R(LIN) | 222175 |
| 139 ## - Редно поле | |
| Редна дума | Мусоргски, Модест |
| Авторски знак | Му - М 95 |
| 245 10 - Сведения за заглавието | |
| Заглавие | Борис Годунов |
| Подзаглавни данни | Опера в 4 д. с прологом |
| Редно поле (дума) | Модест Мусоргски; оркестрация Павел Александрович Ламм; по Александър Сергеевич Пушкин |
| 254 ## - Сведения за формата на нотното издание | |
| Формат на описваните ноти | Клавир |
| 257 ## - Страна на издаване | |
| Страна на създаване/издаване | Русия |
| 260 ## - Област на издателските данни | |
| Място на издаване, разпространение и проч. | Ленинград |
| Име на издателя, разпространителя и проч. | Музыка 1527 |
| Година на издаване | 1964 |
| 300 ## - Физическа характеристика | |
| Размери/Мащаб | 30 см |
| 380 ## - Жанр | |
| Жанр | Изкуство |
| 700 1# - Други автори (авторска отговорност) | |
| Лично име | Ламм, Павел Александрович |
| Автороска отговорност (Описва отношението между автора и произведението) | оркестрация |
| 9 (RLIN) | 87559 |
| 700 ## - Други автори (авторска отговорност) | |
| Лично име | Пушкин, Александър Сергеевич |
| Дати, свързани с автора | 1799-1837 |
| 9 (RLIN) | 364559 |
| 852 ## - Местоположение | |
| Форматна сигнатура | Цб М ІІ 2977 |
| Част | 0 |
| 856 4# - Електронен адрес и достъп | |
| Електронен формат | pdf - файл |
| Път до файла /url/ | |
| Инструкция (цена за достъп) | 0.00 |
| Права за достъп | disable |
| 999 ## - СИСТЕМНИ КОНТРОЛНИ НОМЕРА | |
| Koha biblionumber | 296955 |
| Koha biblioitemnumber | 296955 |
| 942 ## - АРТИКУЛИ | |
| Вид на библиотечния материал | Нотни издания |
| Скрит в OPAC | Не |
| Периодичен библиозапис | Да |
| 944 ## - СЪЗДАВАНЕ И РЕДАКЦИЯ на ЗАПИСА | |
| Създаване/Редакция | Създаване |
| Дата на регистрацията/редакция | 15.11.2003 |
| Служител, извършил регистрацията/редакцията | 30560 |
| Статус, дата на статуса | Геновева Генчева |
| 944 ## - СЪЗДАВАНЕ И РЕДАКЦИЯ на ЗАПИСА | |
| Създаване/Редакция | Редакция |
| Дата на регистрацията/редакция | 23.11.2004 |
| Код за отписване | Код за изгубен артикул | Източник на класификационната схема | Код за повреда | Коз за рестрикции | Код за отдаване | Артикулен № | Име на библиотеката - собственик | Име на библиотеката, в която се намира в момента | Статус (Текущо местоположение) | Дата на вписване в системата | Местоположение - отдел | Цена в лева | Инвентарен номер | Систематично азбучна сигнатура | Баркод | Номер на екземпляра | Цена в евро | Служебна бележка | Служебен тип на артикула |
|---|---|---|---|---|---|---|---|---|---|---|---|---|---|---|---|---|---|---|---|
| Не е изгубен | Universal Decimal Classification | Не е повреден | само за читалня | ползва се в читалня | 647403 | Регионална библиотека "Любен Каравелов" Русе | Регионална библиотека "Любен Каравелов" Русе | Основен фонд - ползва се само за читалня | 1974-01-01 | Хранилище | 5.07 | 9900/64 | Цб М II 2977 | 900000104610 | 1 | 2.59 | N: стар фонд Дата: 01.01.1974 | Нотни издания |